000 00682nam a2200181 i 4500
001 163631
003 ES-MaACL
005 20250806051731.0
008 050715s1816 xxk | |||||||| ||lat d
040 _aCAM
_bspa
_cCAM
100 1 _aRobertson , Archibaldo.
_9131885
245 1 0 _aColloquia de morbis practica et theoretica, questionibus et responsis ad usum ingenuae juventutis accomodata
_b: auctore Archibaldo Robertson ...
260 _aEdinburgi :
_bTypis Academicis ac sumptibus auctoris,
_c1816 (
_eexcudebat C. Steward)
300 _aX, 390 p. ;
_c14 cm.
650 7 _aEnfermedades
_2embne
_912257
852 _aES-MaACL
_jD-3979
_z-- Enc. hol.
999 _c163631
_d163631